| 000 | 00621nam a2200205 i 4500 | ||
|---|---|---|---|
| 001 | 130133 | ||
| 003 | ES-MaACL | ||
| 005 | 20240304212851.0 | ||
| 007 | t| | ||
| 008 | 070719s1968 sp |||| |bspa d | ||
| 100 | 1 |
_aZweig, Stefan, _d1881-1942 _9118562 |
|
| 245 | 1 | 0 |
_aDostoiewski / _cStefan Zweig ; [traducción de Editorial Juventud]. |
| 250 | _a1ª ed. | ||
| 260 |
_aBarcelona : _bJuventud, _c1968. |
||
| 300 |
_a219 p. ; _c18 cm. |
||
| 600 | 1 | 4 |
_aDostoievski, Fiódor, _d1821-1881- _xBiografías _945458 |
| 710 | 2 |
_aEditorial Juventud. _93443 |
|
| 852 |
_aES-MaACL _jC-35363 |
||
| 999 |
_c130133 _d130133 |
||